Лексико-семантичне поле "людські стосунки" у творі Джека Лондона "Місячна долина" (Запис № 284046)

МАРК-запис
000 -LEADER
fixed length control field 01898nam a22001577a 4500
041 ## - LANGUAGE CODE
Language code of text/sound track or separate title ukr
080 ## - UNIVERSAL DECIMAL CLASSIFICATION NUMBER
Universal Decimal Classification number 09
090 ## - LOCALLY ASSIGNED LC-TYPE CALL NUMBER (OCLC); LOCAL CALL NUMBER (OCLC)
Local cutter number (OCLC) ; Book number/undivided call number, CALL (RLIN) АНД
100 ## - MAIN ENTRY--PERSONAL NAME
Personal name Андрощук В.Р.
245 ## - TITLE STATEMENT
Title Лексико-семантичне поле "людські стосунки" у творі Джека Лондона "Місячна долина"
260 ## - PUBLICATION, DISTRIBUTION, ETC. (IMPRINT)
Place of publication, distribution, etc Острог
Name of publisher, distributor, etc КАФ
Date of publication, distribution, etc 2007
300 ## - PHYSICAL DESCRIPTION
Extent 56
520 ## - SUMMARY, ETC.
Summary, etc Вступ<br/>Розділ 1. Семантика як наука та методи семантичного дослідження.<br/>1.1. Семантика як галузь мовознавства.<br/>1.2. Методи семантичного дослідження.<br/>Розділ 2. Поняття поля у лінгвістиці.<br/>2.1. Лексико-семантичне поле як структурний компонент та метод його дослідження.<br/>2.2. Класифікація полів.<br/>2.3. Типи зв’язків у лексичних польових структурах.<br/>2.4. Відмінність ЛСП і ЛСГ і синонімічного ряду.<br/>2.5. Поняття насиченості та варіативності семантичного поля.<br/>Розділ 3. Аналіз лексико-семантичного поля «людські стосунки» на прикладі твору Джека Лондона «Місячна людина».<br/>3.1. Лексеми, які відносяться до лексико-семантичного поля «людські стосунки» та їх аналіз.<br/>3.2. Варіативність та насиченість семантичного поля «людські стосунки» у досліджуваному творі.<br/>Висновки.
-- семантика, семантичне поле, лінгвістика
650 ## - SUBJECT ADDED ENTRY--TOPICAL TERM
Topical term or geographic name as entry element Research Papers
942 ## - ADDED ENTRY ELEMENTS (KOHA)
Koha item type Книги
Фонди
Withdrawn status Lost status Source of classification or shelving scheme Damaged status Not for loan Home library Current library Date acquired Source of acquisition Cost, normal purchase price Total Checkouts Full call number Barcode Date last seen Price effective from Koha item type
    Universal Decimal Classification     ВІЛ - Відділ іноземн. літератури НБ ВІЛ - Відділ іноземн. літератури НБ 16/04/2009 Акт №1 1.00   09 213284 15/12/2021 16/04/2009 Книги